Normal view
MARC view
Entry Personal Name
001 - CONTROL NUMBER
- control field: 33223
003 - CONTROL NUMBER IDENTIFIER
- control field: dpl
005 - DATE AND TIME OF LATEST TRANSACTION
- control field: 20110819150421.0
008 - FIXED-LENGTH DATA ELEMENTS
- fixed length control field: 110819|||a|||||| | ||| d
040 ## - CATALOGING SOURCE
- Original cataloging agency: dpl
- Transcribing agency: dpl
100 ## - HEADING--PERSONAL NAME
- Personal name: ʻĀbidah Parvīn,
670 ## - SOURCE DATA FOUND
- Source citation: Work cat.: (dpl)0: ʻĀbidah Parvīn,, Abida mere dil se, c2003.
670 ## - SOURCE DATA FOUND
- Source citation: Work cat.: (dpl)0: ʻĀbidah Parvīn,, Abida mere dil se, c2003.
